拼音以D开头的中国城市 Chinese cities whose pinyin begins with D - Statistics

General Stats
  • This quiz has been taken 136 times
  • The average score is 20 of 36
Answer Stats
七普人口 DWUA 省份 行政类别 城市 % Correct
521 418 辽宁 地级市 大连
97%
128 108 黑龙江 地级市 大庆
93%
956 1075 广东 地级市 东莞
91%
68 79 辽宁 地级市 丹东
90%
97 四川 地级市 达州
88%
66 61 山东 地级市 德州
88%
66 75 四川 地级市 德阳
86%
175 141 山西 地级市 大同
85%
93 99 山东 地级市 东营
84%
28 海南 地级市 儋州
80%
40 江苏 县级市 丹阳
76%
20 甘肃 地级市 定西
69%
52 云南 县级市 大理
59%
19 海南 县级市 东方
59%
46 浙江 县级市 东阳
59%
15 湖北 县级市 丹江口
55%
41 河北 县级市 定州
50%
6 青海 县级市 德令哈
48%
33 江苏 县级市 东台
45%
23 辽宁 县级市 东港
43%
9 甘肃 县级市 敦煌
43%
18 湖北 县级市 当阳
40%
37 河南 县级市 邓州
38%
37 四川 县级市 都江堰
38%
36 湖北 县级市 大冶
36%
14 广西 县级市 东兴
36%
29 河南 县级市 登封
35%
10 吉林 县级市 大安
34%
20 吉林 县级市 敦化
34%
32 贵州 县级市 都匀
33%
17 江西 县级市 德兴
30%
6 黑龙江 县级市 东宁
30%
19 吉林 县级市 德惠
24%
26 辽宁 县级市 大石桥
23%
15 辽宁 县级市 调兵山
23%
11 辽宁 县级市 灯塔
21%
No matching quizzes found
Score Distribution
Percent of People with Each Score
Percentile by Number Answered
Your Score History
You have not taken this quiz